000 00415nam a22001697a 4500
003 MPLRDC
005 20220104143339.0
008 210129b ||||| |||| 00| 0 eng d
082 _a868.71 WRA-13
100 _a温瑞安
245 _a将军令
_c
260 _a马来西亚
_b天狼星出版社
_c1975
300 _b141
490 _a天狼星丛书. 2
650 _a马华文学
942 _cBK
_o868.71 WRA-13
999 _c39018
_d39008